000
00297nam a22001337a 4500
020
_a
0-7214-1933-X
082
_a
823
_b
JEA/L
100
_a
JEAN
100
_a
ADAMSON, GARETH
245
_a
LITTLE LOST RABBIT
_b
TOPSY+TIM
260
_a
UK
_b
LADYBIRD
650
_a
ENGLISH SHORT STORY
_z
UK
942
_c
BK
999
_c
4094
_d
4094